Normal view
MARC view
Entry Personal Name
001 - CONTROL NUMBER
- control field: 39869
003 - CONTROL NUMBER IDENTIFIER
- control field: OSt
005 - DATE AND TIME OF LATEST TRANSACTION
- control field: 20160223172438.0
008 - FIXED-LENGTH DATA ELEMENTS
- fixed length control field: 160223|| aca||aabn | a|a d
040 ## - CATALOGING SOURCE
- Original cataloging agency: OSt
- Transcribing agency: OSt
100 ## - HEADING--PERSONAL NAME
- Personal name: खॉ उस्ताद अलाउददीन
670 ## - SOURCE DATA FOUND
- Source citation: Work cat.: (OSt)29176: खॉ उस्ताद अलाउददीन , मेरी कथा , 1982









